| 000 | 01632cam a2200289 4500 | ||
|---|---|---|---|
| 001 | ABS66620 | ||
| 008 | 030428n2003 000 0 eng u | ||
| 035 | _a(Sirsi) u122088 | ||
| 100 | _aRoberts, M. | ||
| 245 | _aCivilising city centres? | ||
| 260 | _c2003 | ||
| 490 |
_aTown & Country Planning _v72(2) March/April 2003, 78-79(2) |
||
| 520 | _aDiscusses a recent study by the Institute of Alcohol Studies into the management of the public realm and the perceived benefits of extended licensing hours in London, Dublin, Copenhagen and Berlin. The study found that all four mixed use areas experienced conflicts between entertainment and other uses and that a relaxation of licensing hours alone could not change an established drinking culture. However, in Copenhagen a clear set of local licensing regulations and accompanying planning controls have helped to establish a cafe culture. "Licensing reform: a cross-cultural comparison of rights, responsibilities and regulation" at www.ias.org.uk. ODPM select committee report "The Licensing Bill (Lords) and the evening economy" at www.parliament.the-stationery-office.co.uk. | ||
| 590 | _aABS | ||
| 650 | _aLICENSED PREMISES | ||
| 650 | _aLICENSING HOURS | ||
| 650 | _aPLANNING CONTROLS | ||
| 650 | _aLEISURE USES | ||
| 650 | _aLICENSING BILL | ||
| 650 | _aLONDON | ||
| 650 | _aCOPENHAGEN | ||
| 650 | _aDUBLIN | ||
| 650 | _aBERLIN | ||
| 690 | _aLEISURE AND RECREATION | ||
| 856 |
_uhttps://www.parliament.the-stationery-office.co.uk/pa/cm200203/cmselect/cmodpm/541/54103.htm _zView ODPM select committee report on the UK Parliament website... |
||
| 942 | _n0 | ||
| 999 |
_c72544 _d72544 |
||